| 000 | 00493nam a2200145Ia 4500 | ||
|---|---|---|---|
| 008 | 100122s9999 xx 000 0 und d | ||
| 082 |
_b30317 _a294.5 |
||
| 100 | _aOSBORNE ARTHUR | ||
| 245 | _aTHE TEACHINGS OF : Bhagavan Sri Ramana Maharshi in His Own Words | ||
| 260 |
_bSIR RAMANASRANAM _c1905 |
||
| 300 | _a256 | ||
| 630 | _aTHE TEACHINGS OF : Bhagavan Sri Ramana Maharshi in His Own Words | ||
| 730 | _aTHE TEACHINGS OF : Bhagavan Sri Ramana Maharshi in His Own Words | ||
| 942 | _cBOOK | ||
| 999 |
_c369652 _d369649 |
||